Boletim do Litigio Internacional : caso KL v Perú : Comunicaçao no. 1153/2003 /
Análisis del caso de una menor de edad peruana a quien se detectó que su bebé presentaba anencefalia y, por lo tanto, su médico le recomendó un aborto terapéutico. El director del hospital, albergado por las lagunas de la legislación peruana al respecto, negó el permiso y la forzó a completar la ges...
Đã lưu trong:
| Tác giả của công ty: | |
|---|---|
| Tác giả khác: | |
| Định dạng: | Sách |
| Ngôn ngữ: | Tiếng Bồ Đào Nha |
| Được phát hành: |
Lima, Perú :
Comité de América Latina y el Caribe para la Defensa de los Derechos de la Mujer, Programa de Litigio Internacional,
2011, c2011
|
| Những chủ đề: | |
| Các nhãn: |
Không có thẻ, Là người đầu tiên thẻ bản ghi này!
|
MARC
| LEADER | 00000nam^a2200000^a^4500 | ||
|---|---|---|---|
| 001 | 000329051 | ||
| 005 | 20250521000000.0 | ||
| 009 | 20260310113925.067 | ||
| 037 | |a Acervo ITESO - Biblioteca | ||
| 041 | |a POR | ||
| 082 | |a 323. 340980 |b COM BOL V. 5 | ||
| 110 | |a Comité de América Latina y el Caribe para la Defensa de los Derechos de la Mujer. |b Programa de Litigio Internacional | ||
| 240 | 1 | 1 | |a [Boletín del Programa de Litigio Internacional] |
| 245 | 1 | 0 | |a Boletim do Litigio Internacional : |b caso KL v Perú : Comunicaçao no. 1153/2003 / |c Texto de J. Llaja Villena. |
| 264 | 4 | |a Lima, Perú : |b Comité de América Latina y el Caribe para la Defensa de los Derechos de la Mujer, Programa de Litigio Internacional, |c 2011, c2011 | |
| 300 | |a 1 folleto (15 p.) | ||
| 336 | |a texto |b txt |2 rdacontenido | ||
| 337 | |a sin mediación |b n |2 rdamedio | ||
| 338 | |a volumen |b nc |2 rdasoporte | ||
| 520 | |a Análisis del caso de una menor de edad peruana a quien se detectó que su bebé presentaba anencefalia y, por lo tanto, su médico le recomendó un aborto terapéutico. El director del hospital, albergado por las lagunas de la legislación peruana al respecto, negó el permiso y la forzó a completar la gestación. Se complementa con análisis de las peticiones, las decisiones y la relevancia de éstas, así como de la evolución de las leyes peruanas a partir de este caso. | ||
| 649 | |a XX | ||
| 650 | |a Mujeres - |z Perú - |x Condiciones Jurídicas - |x Tema Principal | ||
| 650 | |a Aborto - |z Perú - |x Aspectos Jurídicos - |x Tema Principal | ||
| 650 | |a Embarazo - |x Complicaciones - |x Aspectos Jurídicos | ||
| 650 | |a Reproducción Humana - |z Perú - |x Aspectos Jurídicos | ||
| 650 | |a Salud Reproductiva - |z Perú | ||
| 650 | |a Servicios Médicos y de Salud - |z Perú | ||
| 650 | |a Salud Pública - |z Perú | ||
| 650 | |a Política y Salud Pública - |z Perú | ||
| 650 | |a Derecho a la Salud - |z Perú | ||
| 650 | |a Derechos Humanos - |z Perú | ||
| 650 | |a Litigios - |z Perú - |x Tema Principal | ||
| 650 | |a Derecho Procesal - |z Perú | ||
| 650 | |a Derecho Social - |z Perú | ||
| 650 | |a Derecho Penal - |z Perú | ||
| 650 | |a Derecho Público - |z Perú | ||
| 700 | |a Llaja Villena, Jeannette |e (texto) | ||
| 910 | |a Fondo General | ||
| 920 | |a Impresos - Libros | ||
| 930 | |a Colección General | ||
| 905 | |a 101 | ||
| 901 | |a 0500218541 |b IT1 |c ACC |i D58210 |u 20250521 | ||
| 902 | |a https://opac.biblio.iteso.mx/vufind/Record/000329051 | ||